[Event "Labour Day op"]
[Site "Langley CAN"]
[Date "2010.09.05"]
[Round "4.7"]
[White "Cheng, Louis"]
[Black "Roback, Joe"]
[Result "1-0"]
[WhiteElo "1974"]
[BlackElo "1839"]
[PlyCount "93"]
[EventDate "2010.09.04"]
[EventType "swiss"]
[EventRounds "6"]
[EventCountry "CAN"]

1. e4 c5 2. Nf3 d6 3. d4 cxd4 4. Nxd4 Nf6 5. Nc3 a6 6. Be2 e5 7. Nb3 Be6 8. O-O
Be7 9. Be3 b5 10. f4 exf4 11. Rxf4 O-O 12. Nd5 Bxd5 13. exd5 Nbd7 14. Rf5 Ne5
15. Qd2 Rc8 16. c3 Re8 17. Raf1 Qd7 18. Nc5 Qa7 19. Ne6 Qb7 20. Nxg7 Kxg7 21.
Rxf6 Bxf6 22. Bh6+ Kh8 23. Rxf6 Qe7 24. Bg5 Rg8 25. h4 Qa7+ 26. Kh1 Rg6 27. h5
Rxg5 28. Qxg5 Rg8 29. Qf4 Qb7 30. Rxd6 Qe7 31. Qf6+ Qxf6 32. Rxf6 Ra8 33. h6
Kg8 34. Rf5 Re8 35. Bh5 Ng6 36. d6 Rd8 37. Bxg6 hxg6 38. Rd5 Rd7 39. g4 f6 40.
b3 Kf8 41. c4 bxc4 42. bxc4 Ke8 43. Rd2 Rh7 44. c5 Kd7 45. Kg1 Rxh6 46. c6+ Kd8
47. Rb2 1-0

[Event "Labour Day op"]
[Site "Langley CAN"]
[Date "2010.09.05"]
[Round "4.8"]
[White "Han, Yiming"]
[Black "Pitre, Hanniegn"]
[Result "1-0"]
[WhiteElo "1953"]
[BlackElo "1880"]
[PlyCount "57"]
[EventDate "2010.09.04"]
[EventType "swiss"]
[EventRounds "6"]
[EventCountry "CAN"]

1. e4 d5 2. exd5 Nf6 3. d4 Bg4 4. Be2 Bxe2 5. Nxe2 Qxd5 6. Nf4 Qd7 7. O-O e6 8.
Nc3 c6 9. Re1 Bd6 10. Nd3 Qc7 11. Ne5 Nbd7 12. Bf4 O-O-O 13. Qf3 Rhf8 14. a4
Nd5 15. Nxd5 exd5 16. a5 a6 17. Qb3 f6 18. Nxd7 Rxd7 19. Bxd6 Qxd6 20. Qb6 Re7
21. Re3 Rfe8 22. Raa3 Rxe3 23. fxe3 f5 24. Rb3 Qb8 25. Qc5 g6 26. c4 dxc4 27.
Qxc4 Kc7 28. Qf7+ Kd8 29. Rxb7 1-0

[Event "Labour Day op"]
[Site "Langley CAN"]
[Date "2010.09.05"]
[Round "4.10"]
[White "Langingin, Jofrel"]
[Black "Zhao, Donovan"]
[Result "1-0"]
[WhiteElo "1911"]
[BlackElo "1708"]
[PlyCount "54"]
[EventDate "2010.09.04"]
[EventType "swiss"]
[EventRounds "6"]
[EventCountry "CAN"]

1. d4 d5 2. c4 e6 3. e3 Nf6 4. Bd3 c6 5. Ne2 Nbd7 6. O-O Bd6 7. f4 c5 8. Nbc3
Nb6 9. b3 Qc7 10. Nb5 Qd8 11. Ba3 dxc4 12. bxc4 Be7 13. dxc5 Nbd7 14. Nd6+ Bxd6
15. cxd6 Qb6 16. Nd4 O-O 17. Rb1 Qd8 18. e4 e5 19. Nf5 exf4 20. Rxf4 Re8 21.
Ne7+ Kh8 22. Rf5 Nf8 23. Nxc8 Qxc8 24. e5 N6d7 25. Rxf7 Nxe5 26. Bf5 Nfd7 27.
Bxd7 Qxc4 1-0

[Event "Labour Day op"]
[Site "Langley CAN"]
[Date "2010.09.06"]
[Round "5.1"]
[White "Laceste, Loren"]
[Black "MacKay, Ian"]
[Result "0-1"]
[WhiteElo "1748"]
[BlackElo "2316"]
[PlyCount "118"]
[EventDate "2010.09.04"]
[EventType "swiss"]
[EventRounds "6"]
[EventCountry "CAN"]

1. d4 c5 2. d5 g6 3. e4 Bg7 4. Nf3 b5 5. a4 b4 6. Bc4 d6 7. h3 Nf6 8. Qe2 a5 9.
O-O Nbd7 10. c3 O-O 11. Ra2 Nb6 12. Bb5 Ra7 13. b3 e6 14. dxe6 fxe6 15. c4 Bb7
16. Bg5 Qa8 17. Bxf6 Rxf6 18. Nbd2 e5 19. Nh2 h5 20. Rd1 Bh6 21. f3 Qf8 22.
Ndf1 Bc8 23. Rd3 Raf7 24. Ra1 Bf4 25. Rad1 Bb7 26. Re1 Na8 27. Red1 Nc7 28. Qe1
Ne6 29. Rxd6 Nd4 30. Rxf6 Rxf6 31. Rd3 Rd6 32. Qd1 Qd8 33. Kf2 Nxb5 34. Rxd6
Qxd6 35. Qxd6 Nxd6 36. g3 Bc1 37. Ke2 Ne8 38. Ne3 Nc7 39. Nc2 Ne6 40. Nf1 Kg7
41. Kd1 Bh6 42. Ke2 h4 43. gxh4 Nf4+ 44. Kd1 Nxh3 45. Ne1 Nf4 46. Ne3 Kf7 47.
Ng4 Bg7 48. Kd2 Ke6 49. Ke3 Bf8 50. Nf2 Be7 51. Ned3 Nxd3 52. Nxd3 Kd6 53. f4
exf4+ 54. Kxf4 Bxh4 55. e5+ Kc6 56. Kg4 Bd8 57. Nf4 Bc8+ 58. Kf3 Bf5 59. Nd5
Bc2 0-1

[Event "Labour Day op"]
[Site "Langley CAN"]
[Date "2010.09.06"]
[Round "5.2"]
[White "Fuentebella, Mayo"]
[Black "Goodman, Kevin"]
[Result "1-0"]
[WhiteElo "2336"]
[BlackElo "2014"]
[PlyCount "91"]
[EventDate "2010.09.04"]
[EventType "swiss"]
[EventRounds "6"]
[EventCountry "CAN"]

1. c4 c6 2. Nc3 d5 3. d4 Nf6 4. e3 e6 5. Nf3 Nbd7 6. Qc2 Bd6 7. Be2 O-O 8. O-O
a6 9. Rd1 b5 10. b3 Bb7 11. e4 Bb4 12. e5 Bxc3 13. Qxc3 Ne4 14. Qc2 Qa5 15. Bd3
c5 16. cxd5 exd5 17. Ng5 cxd4 18. Nxe4 dxe4 19. Bxe4 Bxe4 20. Qxe4 Nxe5 21. Bd2
b4 22. a3 Rfe8 23. Bxb4 Qb6 24. Qxd4 Qxd4 25. Rxd4 Nc6 26. Rc4 Nxb4 27. Rxb4
Reb8 28. Kf1 Kf8 29. Ke2 Rxb4 30. axb4 Rb8 31. Rxa6 Rxb4 32. Ra3 Ke7 33. Kd3 h5
34. Kc3 Rb7 35. b4 g5 36. Ra5 f6 37. h4 Rc7+ 38. Kb3 Ke6 39. hxg5 Rg7 40. f4
fxg5 41. Rxg5 Rf7 42. g3 h4 43. gxh4 Rxf4 44. h5 Rh4 45. Ka4 Rxb4+ 46. Kxb4 1-0

[Event "Labour Day op"]
[Site "Langley CAN"]
[Date "2010.09.06"]
[Round "5.3"]
[White "Sohal, Tanraj"]
[Black "Langingin, Jofrel"]
[Result "0-1"]
[WhiteElo "2165"]
[BlackElo "1911"]
[PlyCount "136"]
[EventDate "2010.09.04"]
[EventType "swiss"]
[EventRounds "6"]
[EventCountry "CAN"]

1. d4 d5 2. c4 c6 3. cxd5 cxd5 4. Nc3 Bf5 5. Qb3 Nc6 6. e3 Rb8 7. Nxd5 Be6 8.
e4 Nxd4 9. Qa4+ Nc6 10. Bf4 Rc8 11. Qb3 Nd4 12. Qa4+ Nc6 13. Qb5 Bd7 14. Qd3 e5
15. Bd2 Nd4 16. Bc3 Bb5 17. Qd2 Bxf1 18. Kxf1 Bc5 19. Ne2 Nc6 20. g3 Nge7 21.
Kg2 O-O 22. b4 Bd6 23. b5 Nb8 24. Rhd1 Ng6 25. Ne3 Bc7 26. Qxd8 Rfxd8 27. Nd5
Bd6 28. Bb4 Bxb4 29. Nxb4 Nd7 30. Rac1 Nf6 31. f3 Rxd1 32. Rxc8+ Nf8 33. Rc7
Rd7 34. Rxd7 N6xd7 35. Nd3 Ne6 36. f4 f6 37. Kf3 Kf7 38. Ke3 Ke7 39. Nc3 Kd6
40. fxe5+ fxe5 41. Nd5 Nd4 42. h4 Nxb5 43. Nb2 Kc5 44. Nd3+ Kc4 45. Nb2+ Kc5
46. Nd3+ Kd6 47. Nb2 Na3 48. Nc3 b5 49. Nd3 Nc4+ 50. Kf3 a6 51. Nd5 a5 52. Nc3
b4 53. Nb5+ Kc6 54. Na7+ Kb7 55. Nb5 Kb6 56. a4 bxa3 57. Nc3 Nc5 58. Nc1 a4 59.
Kg4 g6 60. Kg5 Nd2 61. Kh6 Ndxe4 62. Nxe4 Nxe4 63. Kxh7 Nxg3 64. Kxg6 e4 65. h5
Nxh5 66. Kxh5 e3 67. Kg4 e2 68. Nxe2 a2 0-1

[Event "Labour Day op"]
[Site "Langley CAN"]
[Date "2010.09.06"]
[Round "5.4"]
[White "Leblanc, Paul"]
[Black "Cheng, Louis"]
[Result "1/2-1/2"]
[WhiteElo "1885"]
[BlackElo "1974"]
[PlyCount "67"]
[EventDate "2010.09.04"]
[EventType "swiss"]
[EventRounds "6"]
[EventCountry "CAN"]

1. d4 Nf6 2. g3 g6 3. Bg2 d5 4. Nf3 Bg7 5. O-O O-O 6. c4 Nc6 7. Nc3 dxc4 8. e3
Bf5 9. Qa4 Bd3 10. Rd1 e6 11. Ne1 Nd7 12. Nxd3 cxd3 13. Bxc6 Nb6 14. Qb5 a6 15.
Qc5 bxc6 16. Qxc6 Re8 17. Qe4 Qe7 18. Qxd3 c5 19. dxc5 Red8 20. Qe2 Qxc5 21.
Bd2 Nc4 22. Rac1 Nxb2 23. Na4 Qb5 24. Qxb5 axb5 25. Nxb2 Bxb2 26. Rc2 Bf6 27.
Rb1 Rd5 28. Bb4 Rb8 29. a3 h5 30. h4 Rd3 31. Rbc1 Rdd8 32. Rc7 Bb2 33. R1c2 Be5
34. R7c6 1/2-1/2

[Event "Labour Day op"]
[Site "Langley CAN"]
[Date "2010.09.06"]
[Round "5.5"]
[White "Han, Yiming"]
[Black "Cheng, Jack"]
[Result "1/2-1/2"]
[WhiteElo "1880"]
[BlackElo "1937"]
[PlyCount "88"]
[EventDate "2010.09.04"]
[EventType "swiss"]
[EventRounds "6"]
[EventCountry "CAN"]

1. e4 e5 2. Nf3 Nc6 3. Bb5 a6 4. Ba4 Nf6 5. O-O b5 6. Bb3 Bb7 7. Re1 Bc5 8. c3
d6 9. d4 Bb6 10. a4 O-O 11. Na3 exd4 12. cxd4 Re8 13. Ng5 Re7 14. d5 Nd4 15.
Ba2 bxa4 16. Be3 Nb5 17. Bxb6 cxb6 18. Qxa4 Nxa3 19. bxa3 h6 20. Nf3 Qe8 21.
Qb4 Rxe4 22. Qxb6 Bxd5 23. Bxd5 Nxd5 24. Qb7 Nf6 25. Rxe4 Qxe4 26. Qc7 Qd3 27.
h3 Re8 28. Ne1 Qd4 29. Rc1 Ne4 30. Qc2 Nf6 31. Nf3 Qb6 32. Rb1 Qa5 33. Qd3 d5
34. Rb7 Qa4 35. Rb4 Qc6 36. Rb1 Qc4 37. Qd2 Qc5 38. Qd3 Qc4 39. Qd2 Qc5 40. Qd3
Ne4 41. Rf1 a5 42. Nd4 Rc8 43. Nf5 Rc7 44. Ne3 Rd7 1/2-1/2

[Event "Labour Day op"]
[Site "Langley CAN"]
[Date "2010.09.06"]
[Round "5.6"]
[White "Han, Yifei"]
[Black "Wu, Howard"]
[Result "1-0"]
[WhiteElo "1823"]
[BlackElo "2214"]
[PlyCount "83"]
[EventDate "2010.09.04"]
[EventType "swiss"]
[EventRounds "6"]
[EventCountry "CAN"]

1. e4 c5 2. Nf3 Nc6 3. d4 cxd4 4. Nxd4 Nf6 5. Nc3 d6 6. Bc4 Bd7 7. f3 g6 8. Be3
Bg7 9. Qd2 O-O 10. O-O-O Rb8 11. g4 Ne5 12. Bb3 b5 13. h4 Nc4 14. Bxc4 bxc4 15.
h5 Qb6 16. b3 Qa5 17. Kb2 Rfc8 18. hxg6 fxg6 19. Bh6 Bh8 20. Bg5 cxb3 21. axb3
Rc5 22. Bxf6 Bxf6 23. Nd5 Qxd2 24. Nxf6+ exf6 25. Rxd2 Rb7 26. Ne2 Bb5 27. Nf4
Rd7 28. Nd5 Rf7 29. Ra1 f5 30. gxf5 gxf5 31. exf5 Bc6 32. Ne3 Bxf3 33. Rg1+ Kf8
34. Rxd6 Ke7 35. Re6+ Kd7 36. Ra6 Kc8 37. f6 Kb7 38. Re6 Rc6 39. Re7+ Rc7 40.
Rg7 Bh5 41. Nf5 Rxg7 42. fxg7 1-0

[Event "Labour Day op"]
[Site "Langley CAN"]
[Date "2010.09.06"]
[Round "5.7"]
[White "Kyriakides, Savvas"]
[Black "Escandor, Manuel"]
[Result "1-0"]
[WhiteElo "2106"]
[BlackElo "1778"]
[PlyCount "64"]
[EventDate "2010.09.04"]
[EventType "swiss"]
[EventRounds "6"]
[EventCountry "CAN"]

1. e4 e5 2. Nf3 d6 3. d4 exd4 4. Nxd4 Nf6 5. Nc3 a6 6. Bc4 Be7 7. h3 Bd7 8. g4
c5 9. Nf5 Bxf5 10. exf5 b5 11. Bd5 Ra7 12. Bf4 Nfd7 13. Qe2 O-O 14. O-O-O Bg5
15. Qe3 Bxf4 16. Qxf4 Ne5 17. Ne4 Qb6 18. Nxd6 Re7 19. f6 Ng6 20. fxe7 Nxe7 21.
Bxf7+ Kh8 22. Rhe1 Nbc6 23. Qg5 Qa7 24. h4 c4 25. h5 Qxf2 26. Rxe7 Nb4 27. Qd2
Qf6 28. Qxb4 Qxe7 29. Qd2 b4 30. h6 c3 31. hxg7+ Kxg7 32. bxc3 Rxf7 1-0

[Event "Labour Day op"]
[Site "Langley CAN"]
[Date "2010.09.06"]
[Round "5.8"]
[White "Doknjas, John"]
[Black "Lo, Ryan"]
[Result "1/2-1/2"]
[WhiteElo "1917"]
[BlackElo "1728"]
[PlyCount "52"]
[EventDate "2010.09.04"]
[EventType "swiss"]
[EventRounds "6"]
[EventCountry "CAN"]

1. d4 Nf6 2. c4 g6 3. Nc3 d5 4. cxd5 Nxd5 5. e4 Nxc3 6. bxc3 c5 7. Nf3 Bg7 8.
Rb1 O-O 9. Be2 a6 10. O-O Qa5 11. Qc2 Qc7 12. d5 Bg4 13. c4 Bxf3 14. Bxf3 Nd7
15. Bb2 Rab8 16. Bxg7 Kxg7 17. Be2 e5 18. Qd2 Qd6 19. g3 f6 20. Rb3 b6 21. Rfb1
Kh8 22. Qd3 f5 23. Bf3 Rf6 24. a4 Rbf8 25. R3b2 Kg7 26. Qc3 a5 1/2-1/2

[Event "Labour Day op"]
[Site "Langley CAN"]
[Date "2010.09.06"]
[Round "5.9"]
[White "Sly, Douglas"]
[Black "Moore, David"]
[Result "0-1"]
[WhiteElo "1629"]
[BlackElo "2070"]
[PlyCount "53"]
[EventDate "2010.09.04"]
[EventType "swiss"]
[EventRounds "6"]
[EventCountry "CAN"]

1. e4 c5 2. d3 d6 3. f4 Nc6 4. Nf3 Bg4 5. c3 e5 6. Be2 Be7 7. O-O Nf6 8. h3
Bxf3 9. Rxf3 Qd7 10. Be3 O-O 11. g4 h6 12. f5 Nh7 13. Qe1 Qd8 14. Qd2 Bh4 15.
Kh2 Ng5 16. Rf1 Rc8 17. Na3 Ne7 18. Bf2 Bxf2 19. Rxf2 d5 20. exd5 Nxd5 21. Nc4
e4 22. h4 Nf3+ 23. Bxf3 Qxh4+ 24. Kg2 exf3+ 25. Kxf3 Qh3+ 26. Ke2 Rce8+ 27. Kd1
0-1

[Event "Labour Day op"]
[Site "Langley CAN"]
[Date "2010.09.06"]
[Round "6.2"]
[White "Laceste, Loren"]
[Black "Fuentebella, Mayo"]
[Result "1/2-1/2"]
[WhiteElo "1748"]
[BlackElo "2336"]
[PlyCount "28"]
[EventDate "2010.09.04"]
[EventType "swiss"]
[EventRounds "6"]
[EventCountry "CAN"]

1. d4 Nf6 2. c4 e5 3. Nf3 exd4 4. Nxd4 Nc6 5. Nf3 Bc5 6. e3 d6 7. a3 a5 8. Be2
O-O 9. O-O Re8 10. b3 Bf5 11. Bb2 h6 12. Re1 Ne4 13. Nc3 Nxc3 14. Bxc3 Qe7
1/2-1/2

[Event "Labour Day op"]
[Site "Langley CAN"]
[Date "2010.09.06"]
[Round "6.3"]
[White "Cheng, Jack"]
[Black "Kyriakides, Savvas"]
[Result "1/2-1/2"]
[WhiteElo "1937"]
[BlackElo "2106"]
[PlyCount "104"]
[EventDate "2010.09.04"]
[EventType "swiss"]
[EventRounds "6"]
[EventCountry "CAN"]

1. e4 c5 2. Nf3 d6 3. d4 cxd4 4. Nxd4 Nf6 5. Nc3 g6 6. Be3 Bg7 7. f3 O-O 8. Qd2
Nc6 9. Bc4 Bd7 10. O-O-O Rc8 11. Bb3 a6 12. h4 h5 13. Nxc6 Bxc6 14. Bg5 Qa5 15.
Kb1 Qc7 16. Bxf6 Bxf6 17. Qh6 e6 18. g4 hxg4 19. h5 Bg7 20. Qg5 Qd8 21. Qxg4 g5
22. h6 Be5 23. Rh5 Kh7 24. Rxg5 Rg8 25. f4 Rxg5 26. fxg5 Qg8 27. Rf1 Qg6 28.
Nd5 Bxd5 29. exd5 f5 30. Qa4 Rc7 31. dxe6 Qxg5 32. Qa5 Rc5 33. Qb4 Qg2 34. Re1
Rc7 35. Qb6 Re7 36. a4 Qd2 37. Rg1 Qd4 38. Qxd4 Bxd4 39. Rf1 Kg6 40. c3 Be3 41.
Bc2 Bxh6 42. Rxf5 Rxe6 43. Rb5+ Kf6 44. Rxb7 Be3 45. Bd3 d5 46. Rd7 Ke5 47. Kc2
a5 48. Rb7 Rb6 49. Re7+ Re6 50. Rxe6+ Kxe6 51. Bb5 Bc5 52. Kd3 Ke5 1/2-1/2

[Event "Labour Day op"]
[Site "Langley CAN"]
[Date "2010.09.06"]
[Round "6.4"]
[White "Goodman, Kevin"]
[Black "Leblanc, Paul"]
[Result "1/2-1/2"]
[WhiteElo "2014"]
[BlackElo "1885"]
[PlyCount "120"]
[EventDate "2010.09.04"]
[EventType "swiss"]
[EventRounds "6"]
[EventCountry "CAN"]

1. d4 d5 2. c4 c6 3. Nf3 Nf6 4. Nc3 a6 5. c5 Bf5 6. Bf4 Nbd7 7. Qb3 Qc8 8. h3
e6 9. e3 Be7 10. Bh2 Bd8 11. g4 Bg6 12. Nh4 Bc7 13. Bxc7 Qxc7 14. f4 O-O-O 15.
Be2 Be4 16. Rg1 h6 17. Bf3 g5 18. Bxe4 Nxe4 19. Nxe4 dxe4 20. Ng2 h5 21. O-O-O
hxg4 22. hxg4 gxf4 23. exf4 Rh2 24. Qe3 Nf6 25. g5 Nd5 26. Qxe4 Rdh8 27. g6 Rg8
28. f5 exf5 29. Qxf5+ Qd7 30. gxf7 Rf8 31. Qe5 Rh7 32. Rh1 Rxh1 33. Rxh1 Qxf7
34. Rh8 Qf1+ 35. Ne1 Rxh8 36. Qxh8+ Kd7 37. Qg7+ Kc8 38. Qg4+ Kd8 39. Qh4+ Kd7
40. Kd2 Qg1 41. Qe4 Qf2+ 42. Qe2 Qxd4+ 43. Nd3 Nb4 44. a3 Nxd3 45. Qxd3 Qxd3+
46. Kxd3 Ke6 47. Ke4 Kf6 48. b4 Ke6 49. a4 Kf6 50. Kf4 Ke6 51. Ke4 Kf6 52. Kf4
Ke6 53. Ke4 Kf6 54. Kd4 Ke6 55. Kc4 Kd7 56. b5 axb5+ 57. axb5 cxb5+ 58. Kxb5
Kc7 59. Ka5 Kc6 60. Kb4 b6 1/2-1/2

[Event "Labour Day op"]
[Site "Langley CAN"]
[Date "2010.09.06"]
[Round "6.5"]
[White "Cheng, Louis"]
[Black "Han, Yiming"]
[Result "1-0"]
[WhiteElo "1974"]
[BlackElo "1880"]
[PlyCount "109"]
[EventDate "2010.09.04"]
[EventType "swiss"]
[EventRounds "6"]
[EventCountry "CAN"]

1. d4 d5 2. c4 e6 3. Nf3 Nf6 4. Nbd2 Be7 5. g3 O-O 6. Bg2 c5 7. dxc5 Bxc5 8.
O-O Nc6 9. Qc2 d4 10. Nb3 Be7 11. Bf4 Bd6 12. Bg5 h6 13. c5 Bc7 14. Bd2 e5 15.
Be1 Nd5 16. a3 Be6 17. Nfd2 f5 18. Nc4 Qf6 19. Nba5 Rab8 20. Qa4 Nxa5 21. Bxa5
Bxa5 22. Nxa5 h5 23. Rad1 f4 24. Rd3 h4 25. g4 Qg6 26. Nc4 b5 27. cxb6 Nxb6 28.
Nxb6 Rxb6 29. h3 Rxb2 30. Re1 Rxe2 31. Rxe2 Qxd3 32. Rxe5 Bb3 33. Qxb3+ Qxb3
34. Bd5+ Qxd5 35. Rxd5 Rc8 36. Rxd4 Rc3 37. Rxf4 Rxa3 38. Kg2 a5 39. g5 a4 40.
g6 Ra1 41. Rxh4 a3 42. Ra4 Kf8 43. h4 a2 44. Ra7 Ke8 45. h5 Rb1 46. Rxa2 Rb5
47. Ra8+ Ke7 48. Rh8 Kf6 49. f4 Kf5 50. Rf8+ Kg4 51. h6 Rb2+ 52. Kf1 Kf3 53.
Ke1 Ke3 54. Re8+ Kxf4 55. hxg7 1-0

[Event "Labour Day op"]
[Site "Langley CAN"]
[Date "2010.09.06"]
[Round "6.6"]
[White "Pitre, Hanniegn"]
[Black "Han, Yifei"]
[Result "1-0"]
[WhiteElo "1880"]
[BlackElo "1823"]
[PlyCount "102"]
[EventDate "2010.09.04"]
[EventType "swiss"]
[EventRounds "6"]
[EventCountry "CAN"]

1. e4 e5 2. f4 exf4 3. Nf3 g5 4. h4 g4 5. Ne5 h5 6. Bc4 Nh6 7. d4 d6 8. Nd3 Be7
9. Bxf4 f5 10. e5 d5 11. Bb3 Be6 12. g3 Nf7 13. c3 Na6 14. Nd2 c5 15. Ba4+ Kf8
16. Nf1 Qa5 17. dxc5 Nxc5 18. Nxc5 Qxc5 19. Bb3 a5 20. Qd2 Qc6 21. O-O-O d4 22.
Bxe6 Qxh1 23. Bxf5 dxc3 24. Qxc3 Qc6 25. Qxc6 bxc6 26. e6 Nh6 27. Bg6 Ng8 28.
Ne3 Bf6 29. Rd7 Ne7 30. Bd6 Kg7 31. Be4 Rhe8 32. Nf5+ Kf8 33. b3 Rad8 34. Nxe7
Rxd7 35. exd7 Ra8 36. Bxc6 Rd8 37. Nf5+ Kf7 38. Bc7 Rf8 39. Nd6+ Ke6 40. Ne8
Be7 41. Ng7+ Kf6 42. Nxh5+ Kg6 43. Nf4+ Kh6 44. Ne6 Rf1+ 45. Kc2 Rf2+ 46. Kd3
Rf1 47. Ke2 Rc1 48. Be4 Ra1 49. d8=Q Bxd8 50. Bxd8 Rxa2+ 51. Kd3 a4 1-0

[Event "Labour Day op"]
[Site "Langley CAN"]
[Date "2010.09.06"]
[Round "6.7"]
[White "Lo, Ryan"]
[Black "Sohal, Tanraj"]
[Result "0-1"]
[WhiteElo "1728"]
[BlackElo "2165"]
[PlyCount "102"]
[EventDate "2010.09.04"]
[EventType "swiss"]
[EventRounds "6"]
[EventCountry "CAN"]

1. d4 d5 2. c4 e6 3. Nc3 c6 4. cxd5 exd5 5. Qc2 Bd6 6. Nf3 Nf6 7. Bg5 O-O 8. e3
h6 9. Bh4 Nbd7 10. Bd3 b6 11. a3 Bb7 12. b4 a5 13. b5 c5 14. a4 c4 15. Be2 Qc7
16. Bg3 Rfe8 17. Rc1 Rac8 18. O-O Bxg3 19. hxg3 Qd6 20. Nh2 Re7 21. Bg4 Rce8
22. Bxd7 Nxd7 23. Nf3 g6 24. Rfe1 Kg7 25. Kf1 Nf8 26. Ke2 Bc8 27. Kd2 Bf5 28.
Qb2 f6 29. Ng1 Rd8 30. Nge2 g5 31. Na2 Be4 32. Rg1 Ne6 33. Nec3 Bd3 34. Rh1
Rde8 35. Rh2 Nxd4 36. exd4 Re2+ 37. Nxe2 Rxe2+ 38. Kc3 Rxb2 39. Kxb2 Qe7 40. f4
Qe2+ 41. Ka1 Qe3 42. fxg5 Qxd4+ 43. Nc3 hxg5 44. g4 Qc5 45. g3 d4 46. Nb1 c3
47. Nxc3 dxc3 48. Ka2 c2 49. Rch1 c1=Q 50. Rxc1 Qxc1 51. Rc2 Qxc2+ 0-1

[Event "Labour Day op"]
[Site "Langley CAN"]
[Date "2010.09.06"]
[Round "6.8"]
[White "Moore, David"]
[Black "Lai, Jingzhou (Peter)"]
[Result "1/2-1/2"]
[WhiteElo "2070"]
[BlackElo "1908"]
[PlyCount "36"]
[EventDate "2010.09.04"]
[EventType "swiss"]
[EventRounds "6"]
[EventCountry "CAN"]

1. e4 e6 2. d4 d5 3. e5 c5 4. c3 Nc6 5. Nf3 Qb6 6. Bd3 Bd7 7. O-O cxd4 8. cxd4
Nh6 9. Bxh6 gxh6 10. Nbd2 Nxd4 11. Nxd4 Qxd4 12. Nf3 Qb6 13. Qe2 Bg7 14. Rfc1
Bc6 15. Rc3 O-O 16. Rac1 Rae8 17. Rb3 Qc7 18. Bb1 f5 1/2-1/2

[Event "Labour Day op"]
[Site "Langley CAN"]
[Date "2010.09.06"]
[Round "6.9"]
[White "Cao, Jason"]
[Black "Doknjas, John"]
[Result "1/2-1/2"]
[WhiteElo "1464"]
[BlackElo "1917"]
[PlyCount "61"]
[EventDate "2010.09.04"]
[EventType "swiss"]
[EventRounds "6"]
[EventCountry "CAN"]

1. d4 Nf6 2. c4 c5 3. d5 e6 4. Nc3 exd5 5. cxd5 d6 6. Nf3 g6 7. e4 Bg7 8. Bd3
O-O 9. O-O Re8 10. Re1 Bg4 11. h3 Bxf3 12. Qxf3 a6 13. a4 Nbd7 14. Bf4 Ne5 15.
Qd1 Nxd3 16. Qxd3 Rb8 17. Rad1 Qd7 18. e5 Nh5 19. e6 fxe6 20. dxe6 Rxe6 21.
Rxe6 Qxe6 22. Qxd6 Qxd6 23. Bxd6 Rc8 24. Nd5 Bf8 25. Bxf8 Kxf8 26. g4 Ng7 27.
Nf6 h6 28. Rd7 b5 29. axb5 axb5 30. h4 h5 31. g5 1/2-1/2

[Event "Labour Day op"]
[Site "Langley CAN"]
[Date "2010.09.06"]
[Round "6.10"]
[White "Wu, Howard"]
[Black "Roback, Joe"]
[Result "1-0"]
[WhiteElo "2214"]
[BlackElo "1839"]
[PlyCount "39"]
[EventDate "2010.09.04"]
[EventType "swiss"]
[EventRounds "6"]
[EventCountry "CAN"]

1. e4 c5 2. Nf3 d6 3. d4 cxd4 4. Nxd4 Nf6 5. Nc3 a6 6. Bg5 e6 7. f4 Be7 8. Qf3
Qc7 9. O-O-O b5 10. Bxf6 Bxf6 11. Bxb5+ Nd7 12. Bxd7+ Qxd7 13. e5 Bb7 14. Qg3
dxe5 15. fxe5 Be7 16. Nf5 Qc7 17. Nxg7+ Kf8 18. Nxe6+ fxe6 19. Rhf1+ Ke8 20.
Qg7 1-0

[Event "Labour Day op"]
[Site "Toronto CAN"]
[Date "2010.09.12"]
[Round "1.1"]
[White "Sambuev, Bator"]
[Black "Gelis, Paul"]
[Result "1-0"]
[WhiteElo "2640"]
[BlackElo "2228"]
[PlyCount "97"]
[EventDate "2010.09.04"]
[EventType "swiss"]
[EventRounds "6"]
[EventCountry "CAN"]

1. d4 d5 2. c4 c6 3. Nc3 Nf6 4. Nf3 dxc4 5. a4 Bf5 6. Ne5 Nbd7 7. Nxc4 Nb6 8.
Ne5 a5 9. f3 Nfd7 10. Nxd7 Qxd7 11. e4 Bg6 12. Be3 Nc8 13. d5 e6 14. dxc6 Qxd1+
15. Nxd1 Bb4+ 16. Bd2 Bxd2+ 17. Kxd2 bxc6 18. Rc1 Ne7 19. Rc5 O-O 20. Bc4 Rfd8+
21. Kc3 Rd6 22. Ne3 Rd7 23. Rd1 Rc7 24. Rd6 h5 25. h4 Rb7 26. g3 Kf8 27. Ng2
Rab8 28. b3 Nd5+ 29. exd5 exd5 30. Rdxc6 dxc4 31. Rc8+ Rxc8 32. Rxc8+ Ke7 33.
Rxc4 f6 34. Ne3 Bf7 35. Nf5+ Kd7 36. Rd4+ Kc6 37. b4 axb4+ 38. Rxb4 Rxb4 39.
Kxb4 g6 40. Ne3 g5 41. a5 gxh4 42. gxh4 Be6 43. a6 Kb6 44. a7 Kxa7 45. Kc5 Kb7
46. Nd5 Bf7 47. Kd6 Kc8 48. Nxf6 Kd8 49. f4 1-0

[Event "Labour Day op"]
[Site "Toronto CAN"]
[Date "2010.09.09"]
[Round "1.4"]
[White "Abrahams, Daniel"]
[Black "Plotkin, Victor"]
[Result "1/2-1/2"]
[WhiteElo "2088"]
[BlackElo "2428"]
[PlyCount "81"]
[EventDate "2010.09.04"]
[EventType "swiss"]
[EventRounds "6"]
[EventCountry "CAN"]

1. e4 d6 2. d4 e5 3. Nf3 exd4 4. Nxd4 Nf6 5. Nc3 Be7 6. Bc4 c6 7. Bb3 b5 8. Qe2
O-O 9. O-O a6 10. a3 c5 11. Nf3 c4 12. Ba2 Nc6 13. b3 cxb3 14. cxb3 Bg4 15. Qd3
Rc8 16. Bb2 Ne5 17. Nxe5 dxe5 18. Nd5 Nxd5 19. exd5 f6 20. b4 Bd6 21. Rac1 Bd7
22. Rfe1 Rxc1 23. Bxc1 Qe7 24. f4 Qf7 25. fxe5 Bxe5 26. Be3 Re8 27. Bf2 Kh8 28.
Bg3 Qh5 29. Bxe5 Rxe5 30. Rxe5 Qxe5 31. h3 g6 32. Qd2 Kg7 33. d6 Qg3 34. Qd5
Qe3+ 35. Kh2 Qe5+ 36. Qxe5 fxe5 37. Bd5 Kf6 38. Kg3 Be6 39. Bc6 Bf5 40. Bd5 Be6
41. Bc6 1/2-1/2

[Event "Labour Day op"]
[Site "Toronto CAN"]
[Date "2010.09.13"]
[Round "1.5"]
[White "Sapozhnikov, Roman"]
[Black "Whissell, Mavros"]
[Result "1/2-1/2"]
[WhiteElo "2394"]
[BlackElo "2167"]
[PlyCount "90"]
[EventDate "2010.09.04"]
[EventType "swiss"]
[EventRounds "6"]
[EventCountry "CAN"]

1. e4 e5 2. Nf3 Nc6 3. Bb5 a6 4. Ba4 Nf6 5. O-O Be7 6. Re1 b5 7. Bb3 O-O 8. h3
Bb7 9. d3 d5 10. exd5 Nxd5 11. Nbd2 Nd4 12. Nxe5 Nf4 13. Ndf3 Nxf3+ 14. Nxf3
Bd6 15. d4 Qf6 16. Bxf4 Qxf4 17. d5 Rae8 18. Qd3 Bc8 19. Qd4 Qxd4 20. Nxd4 Re7
21. Nc6 Ree8 22. a4 Bd7 23. axb5 axb5 24. Nd4 Rxe1+ 25. Rxe1 Ra8 26. Kf1 Kf8
27. Rd1 h5 28. Ke2 Ke7 29. Kd3 Kf6 30. c3 g6 31. Bc2 Ra2 32. Rb1 Bc5 33. Ke3
Ke5 34. f4+ Kd6 35. Bb3 Ra8 36. Rd1 Re8+ 37. Kf3 h4 38. Ne6 Bb6 39. Rd3 Bc8 40.
Nd4 Bd7 41. Rd1 Re7 42. Bc2 Re8 43. f5 Bxd4 44. Rxd4 g5 45. Re4 Re5 1/2-1/2

[Event "Labour Day op"]
[Site "Toronto CAN"]
[Date "2010.09.12"]
[Round "1.6"]
[White "Southam, David"]
[Black "Calugar, Arthur"]
[Result "1/2-1/2"]
[WhiteElo "2135"]
[BlackElo "2386"]
[PlyCount "120"]
[EventDate "2010.09.04"]
[EventType "swiss"]
[EventRounds "6"]
[EventCountry "CAN"]

1. d4 Nf6 2. c4 g6 3. Nc3 d5 4. cxd5 Nxd5 5. e4 Nxc3 6. bxc3 Bg7 7. Nf3 O-O 8.
Be3 c5 9. Rc1 Qa5 10. Qd2 cxd4 11. cxd4 Qxd2+ 12. Nxd2 e6 13. Bb5 a6 14. Ba4
Bd7 15. Bxd7 Nxd7 16. Ke2 Rfc8 17. Nb3 b5 18. Na5 Bf8 19. g4 Ba3 20. Rxc8+ Rxc8
21. Kd3 Nb6 22. d5 Na4 23. Nc6 Rc7 24. Kc2 Rd7 25. Rd1 exd5 26. exd5 Nb2 27.
Re1 Nc4 28. Bh6 f6 29. Re8+ Kf7 30. Rh8 Rxd5 31. Rxh7+ Ke6 32. Ra7 Rd6 33. Rxa6
Kd7 34. Nb8+ Kc7 35. Bf4 Ne5 36. Bxe5 fxe5 37. Rxa3 Kxb8 38. Re3 Rd5 39. h4 Kc7
40. Rh3 Rd6 41. h5 gxh5 42. gxh5 Rh6 43. Kb3 Kc6 44. Kb4 Kb6 45. Rg3 Rxh5 46.
Rg6+ Kb7 47. Kxb5 e4+ 48. Kc4 Rf5 49. Rg2 Ra5 50. Kd4 Ra4+ 51. Kd5 Kc7 52. a3
Rxa3 53. Kxe4 Kd6 54. f4 Ke6 55. Rg6+ Kf7 56. Rb6 Ra5 57. Kf3 Rc5 58. Kg4 Ra5
59. f5 Ra1 60. Kg5 Rg1+ 1/2-1/2